Individualized Mathematics: Further Algebra and Computation. (Record no. 1441)

MARC details
000 -LEADER
fixed length control field 00407nam a22001217a 4500
005 - DATE AND TIME OF LATEST TRANSACTION
control field 20200831144719.0
008 - FIXED-LENGTH DATA ELEMENTS--GENERAL INFORMATION
fixed length control field 200831b ||||| |||| 00| 0 eng d
020 ## - INTERNATIONAL STANDARD BOOK NUMBER
International Standard Book Number 0521272653
040 ## - CATALOGING SOURCE
Transcribing agency CML
245 ## - TITLE STATEMENT
Title Individualized Mathematics: Further Algebra and Computation.
Statement of responsibility, etc. The School Mathematics Project.
260 ## - PUBLICATION, DISTRIBUTION, ETC.
Place of publication, distribution, etc. Cambridge
Name of publisher, distributor, etc. Cambridge University Press
Date of publication, distribution, etc. 1983
942 ## - ADDED ENTRY ELEMENTS (KOHA)
Source of classification or shelving scheme Dewey Decimal Classification
Koha item type Books
Classification part 510
Call number suffix SCH
Holdings
Withdrawn status Lost status Source of classification or shelving scheme Damaged status Not for loan Collection code Home library Current library Shelving location Date acquired Total Checkouts Full call number Date last seen Price effective from Koha item type
    Dewey Decimal Classification     Natural Sciences & Mathematics Chalimbana Main Library Chalimbana Main Library Natural Sciences & Mathematics 08/31/2020   510 SCH 08/31/2020 08/31/2020 Books

Powered by Koha